000 00926nam a2200205 ca4500
001 000030517
003 RuMoIPM
005 20260507111339.0
008 060320m19819999ur | c rus
040 _aRuMoIPM
_brus
_ercr
041 0 _arus
245 1 _aСборник задач по математике для втузов
_cВ. А. Болгов, Б. П. Демидович, В. А. Ефименко [и др.] ; Под ред. А. В. Ефимова, Б. П. Демидовича
260 _aМосква
_bНаука
_c1981-
500 _aАвт. указаны на обороте тит. л.
700 1 _aБолгов, Валентин Андреевич
700 1 _aЕфименко, Валентина Афанасьевна
700 1 _aДемидович, Борис Павлович
_eавт.
_eред.
700 1 _aЕфимов, Александр Васильевич
_eавт.
_eред.
942 _cBK
999 _c30517
_d30517